000 00616nam a2200229Ia 4500
003 OSt
005 20221007072001.0
006 a|||||r|||| 00| 0
007 ta
008 221006b |||||||| |||| 00| 0 eng d
024 _a26,104
037 _cTextual
040 _aFLL
_cFLL
_beng
041 _2eng
_aeng
082 _aZ3:86-8825, J6;1
100 _aDevlin Sir Patrick
_9689800
245 0 _aTrial by jury
260 _aLondon
_bMethuen & Co. Ltd. London
_c1956
300 _aviii,1-216p
_ccm.
942 _hZ3:86-8825, J6;1
_cTEXL
_2CC
999 _c1144870
_d1144870